=LDR 00000nam 2200000 4500 =001 INLIS000000000017734 =005 20200616075619 =035 ##$$a 0010-061300000017734 =008 200616################g##########0#ind## =041 ##$$a Ind =082 ##$$a 2x4.8 =090 ##$$a 2x4.8, Jaz t =100 ##$$a Jazairi, Abu Bakar Jabir Al =245 1#$$a Toleransi dalam menyikapi masalah khilafiah /$c Abu Bakar Jabir Al Jazairi =260 ##$$a Solo :$b At-Tibyan,$c 2002 =300 ##$$a 64 hlm ; $c 18 x 12 cm =650 #4$$a Khilafiah =850 ##$$a NBPNMAT =084 ##$$a 2x4.8 JAZ t =990 ##$$a 20605784 =990 ##$$a 20605785 =990 ##$$a 20605786 =990 ##$$a 20605787